000 00393nam a2200145Ia 4500
008 230312s9999||||xx |||||||||||||| ||und||
020 _a9781292079691
082 _a003.56
_bHOW-F
100 _aBillo,Joseph,E
245 0 _aExcel for chemists : a comprehensive guide
260 _bPearson
_aBritain
_c2016
300 _a829
650 _aComputer
_vDecision makingDecision making
942 _cBK
999 _c17797
_d17797